000 00719nam a22001937a 4500
008 150319b xxu||||| |||| 00| 0 alb d
020 _a9951179014
041 0 _aalb
080 _a327
_x(100)
100 1 _aSelmani, Bedri ;
245 1 0 _aGlobalizmi- Tranzicioni dhe integrimet(refleksionet në Kosovë) :
_cBedri Selmani.
260 _aPrishtinë :
_aLubjanë :
_bShtëpia Botuese Zenith ,
_bQendra për studime Shqiptare Albanica,
_c2006.
300 _a234 f. :
_c24 cm.
500 _aParathënie : f. [9]-11
505 _aBibliografia: f. 221-228
505 _aIndeks : f. 229-234
650 0 _aMarrëdhëniet ekonomike ndërkombëtare
942 _2udc
_cBK
999 _c536
_d536